[Event "Mechanics' Spring TNM; G/2"]
[Site "San Francisco"]
[Date "2015.04.28"]
[Round "7.19"]
[White "Stuetzel, Ezra"]
[Black "Sainz, Gualalupe"]
[Result "0-1"]
[WhiteElo "1549"]
[BlackElo "1835"]
[PlyCount "74"]
[EventDate "2015.??.??"]

1. d4 d5 2. c4 c6 3. Nc3 Nf6 4. Bg5 e6 5. e3 Be7 6. Rc1 Nbd7 7. Nf3 O-O 8. a3
a6 9. Bd3 dxc4 10. Bxc4 b5 11. Bd3 Bb7 12. O-O c5 13. dxc5 Nxc5 14. Be2 Qb6 15.
b4 Nce4 16. Bf4 Nxc3 17. Rxc3 Nd5 18. Rd3 Nxf4 19. exf4 Rad8 20. Ne5 Rxd3 21.
Qxd3 Rd8 22. Qh3 Qd4 23. Qe3 Bf6 24. Nd3 Qe4 25. Qxe4 Bxe4 26. Nc5 Rd2 27. Bxb5
Bxg2 28. Kxg2 axb5 29. Ne4 Ra2 30. Nxf6+ gxf6 31. Re1 Rxa3 32. Re3 Ra1 33. Rb3
Rc1 34. Kf3 Kg7 35. Kg3 Kg6 36. Kg4 h5+ 37. Kh4 Rc4 0-1

[Event "Mechanics' Spring TNM; G/2"]
[Site "San Francisco"]
[Date "2015.03.24"]
[Round "2.12"]
[White "Stuetzel, Ezra"]
[Black "Traub, Igor"]
[Result "1/2-1/2"]
[WhiteElo "1549"]
[BlackElo "2073"]
[PlyCount "102"]
[EventDate "2015.??.??"]

1. d4 Nf6 2. c4 d6 3. Nc3 g6 4. e4 Bg7 5. Nf3 O-O 6. Be2 Nbd7 7. O-O e5 8. d5
Nc5 9. Qc2 a5 10. Be3 b6 11. a3 Ng4 12. Bg5 f6 13. Bh4 a4 14. Ne1 Nb3 15. Rb1
Nd4 16. Qd3 Nh6 17. Bd1 Qe8 18. Nc2 Nxc2 19. Bxc2 Bd7 20. Nb5 Bxb5 21. cxb5 Ra5
22. f3 f5 23. Qc4 fxe4 24. fxe4 Rxf1+ 25. Rxf1 Qxb5 26. Qxc7 Qc5+ 27. Qxc5 Rxc5
28. Bxa4 Rc4 29. Bd7 Rxe4 30. Bf2 Re2 31. Bxb6 Rxb2 32. Bc7 e4 33. Be6+ Kh8 34.
Bxd6 Bd4+ 35. Kh1 e3 36. Bb4 e2 37. Rc1 Nf5 38. Bxf5 gxf5 39. d6 Kg8 40. d7 Bb6
41. Re1 Kf7 42. g3 Ke6 43. d8=Q Bxd8 44. Kg2 Be7 45. Bxe7 Kxe7 46. Kf2 Rb3 47.
Rxe2+ Kf6 48. Re3 Rb2+ 49. Kf3 Rxh2 50. Rb3 Rh1 51. Rb4 Kg5 1/2-1/2

[Event "Mechanics' Summer TNM; G/2"]
[Site "San Francisco"]
[Date "2015.07.07"]
[Round "7.17"]
[White "Stuetzel, Ezra G"]
[Black "Drane, Robert W"]
[Result "1/2-1/2"]
[WhiteElo "1549"]
[BlackElo "1923"]
[PlyCount "111"]
[EventDate "2015.??.??"]

1. d4 f5 2. c4 Nf6 3. Nc3 e6 4. Nf3 Bb4 5. Bd2 O-O 6. Qc2 b6 7. e3 Bb7 8. Be2
d6 9. O-O Bxc3 10. Bxc3 Ne4 11. Rad1 Nd7 12. Nd2 Nxd2 13. Qxd2 Qh4 14. f4 Nf6
15. d5 Ne4 16. Qd4 Nxc3 17. Qxc3 Rf6 18. Rf3 Rg6 19. Qd3 Rh6 20. Rh3 Qf6 21.
Rxh6 Qxh6 22. Rf1 Qf6 23. b3 Re8 24. a4 a5 25. h3 g6 26. Bf3 Kg7 27. Rd1 e5 28.
fxe5 Qxe5 29. Kf2 Bc8 30. Qd4 Bd7 31. Qxe5+ Rxe5 32. Rd4 Kf6 33. h4 h6 34. g3
g5 35. Bg2 Be8 36. hxg5+ hxg5 37. Rd1 Bh5 38. Bf3 Bg6 39. Rh1 Re7 40. Bd1 Rh7
41. Rxh7 Bxh7 42. Bc2 Bg6 43. Ke2 Bh5+ 44. Kd3 Ke5 45. Kd2 Bf3 46. Kc3 Be4 47.
Bd1 Bb1 48. Bf3 g4 49. Bg2 Be4 50. Bf1 c6 51. dxc6 Bxc6 52. Be2 d5 53. cxd5
Bxd5 54. Bd3 Be6 55. Bf1 Bd5 56. Bd3 1/2-1/2

[Event "Mechanics' Summer TNM; G/2"]
[Site "San Francisco"]
[Date "2015.06.16"]
[Round "4.33"]
[White "Stuetzel, Ezra G"]
[Black "Joyce, Ben"]
[Result "1-0"]
[WhiteElo "1549"]
[BlackElo "1388"]
[PlyCount "39"]
[EventDate "2015.??.??"]

1. d4 d5 2. c4 Nf6 3. Nc3 e6 4. Bg5 Nc6 5. e3 Bb4 6. a3 Bxc3+ 7. bxc3 O-O 8.
Rb1 e5 9. cxd5 Qxd5 10. Bxf6 gxf6 11. Qh5 Qe4 12. Rd1 Qg6 13. Qe2 Bf5 14. Nf3
exd4 15. Nh4 Qg5 16. Nxf5 Qxf5 17. cxd4 Rad8 18. Qd2 Kh8 19. Bd3 Qg5 20. O-O {
and White went on to win. Remaining moves unavailable.} 1-0

[Event "Mechanics' Summer TNM; G/2"]
[Site "San Francisco"]
[Date "2015.06.02"]
[Round "2.37"]
[White "Stuetzel, Ezra G"]
[Black "Sachs-Weintraub, Julian"]
[Result "1-0"]
[WhiteElo "1549"]
[BlackElo "1247"]
[PlyCount "69"]
[EventDate "2015.??.??"]

1. d4 d5 2. c4 c6 3. Nc3 Nf6 4. Bg5 e6 5. e3 Be7 6. Bd3 a6 7. Rc1 b5 8. cxd5
exd5 9. Nf3 Bg4 10. a3 O-O 11. O-O Re8 12. h3 Bh5 13. g4 Nxg4 14. hxg4 Bxg4 15.
Bf4 Qc8 16. Be2 Bh3 17. Re1 Qg4+ 18. Bg3 h5 19. Ne5 Qg5 20. Bxh5 g6 21. Bg4 Qh6
22. Nxf7 Kxf7 23. Qf3+ Kg8 24. Bxh3 Qxh3 25. Nxd5 Bd8 26. Nf4 Qf5 27. Rc5 Qf6
28. Kg2 Bb6 29. Rcc1 Ra7 30. Rh1 Rh7 31. Rxh7 Kxh7 32. Rh1+ Kg8 33. Rh6 Rf8 34.
Qg4 Kf7 35. Rxg6 1-0

[Event "Mechanics' Summer TNM; G/2"]
[Site "San Francisco"]
[Date "2015.06.30"]
[Round "6.2"]
[White "Sun, James"]
[Black "Shaw, Tenzing W"]
[Result "1-0"]
[WhiteElo "2081"]
[BlackElo "2273"]
[PlyCount "73"]
[EventDate "2015.??.??"]

1. d4 Nf6 2. c4 c5 3. d5 b5 4. cxb5 a6 5. bxa6 Bxa6 6. Nc3 g6 7. g3 d6 8. Bg2
Bg7 9. Nf3 O-O 10. O-O Nbd7 11. Re1 Qb6 12. h3 Rfb8 13. Qc2 Ne8 14. e4 Nc7 15.
Kh2 Nb5 16. Nd1 Na3 17. Qd2 Nc4 18. Qc2 Nce5 19. Nxe5 Nxe5 20. Re3 c4 21. Ra3
Nd3 22. Be3 Qb4 23. Bd2 Qc5 24. Bc3 Bxc3 25. Rxc3 Qd4 26. Qd2 Rb6 27. b3 Qe5
28. bxc4 Nc5 29. f4 Qf6 30. Rac1 Rab8 31. Re3 Rb1 32. e5 Qf5 33. Rc2 Ra1 34.
Nf2 Bxc4 {Diagram [#]} 35. Ng4 $1 (35. Rxc4 Qb1) 35... Kg7 36. exd6 f6 37.
Rxe7+ 1-0

[Event "Mechanics' Summer TNM; G/2"]
[Site "San Francisco"]
[Date "2015.06.02"]
[Round "2.7"]
[White "Sun, James"]
[Black "Shnaiderman, Lazar"]
[Result "1-0"]
[WhiteElo "2081"]
[BlackElo "1826"]
[PlyCount "83"]
[EventDate "2015.??.??"]

1. e4 c5 2. Nf3 g6 3. d4 cxd4 4. Nxd4 Nc6 5. c4 Bg7 6. Be3 Nf6 7. Nc3 d6 8. Be2
O-O 9. Nc2 Be6 10. f3 Qa5 11. Qd2 Rfc8 12. Nd5 Qxd2+ 13. Kxd2 Bxd5 14. cxd5 Ne5
15. Rhc1 Nc4+ 16. Bxc4 Rxc4 17. b3 Rc7 18. Na3 Rd7 19. Rab1 Ne8 20. Rc2 Rc7 21.
Rbc1 Rxc2+ 22. Rxc2 Kf8 23. Nc4 b6 24. Na3 e6 25. Rc6 Ke7 26. Nb5 Kd7 27. a4
Bf6 28. a5 a6 29. Na3 b5 30. Nc2 exd5 31. exd5 Nc7 32. Nb4 Bd8 33. Bf4 Be7 34.
Rb6 Ra7 35. Nc6 Ra8 36. Nxe7 Kxe7 37. Bxd6+ Kd7 38. Bxc7 Kxc7 39. Kd3 Rd8 40.
Kd4 Rd6 41. Rxd6 Kxd6 42. f4 1-0

[Event "Mechanics' Summer TNM; G/2"]
[Site "San Francisco"]
[Date "2015.06.16"]
[Round "4.2"]
[White "Sun, James"]
[Black "Steger, Eric Alan"]
[Result "1-0"]
[WhiteElo "2081"]
[BlackElo "2007"]
[PlyCount "105"]
[EventDate "2015.??.??"]

1. e4 e5 2. Nc3 Nc6 3. f4 d6 4. Nf3 Bg4 5. Bb5 Qd7 6. h3 Bxf3 7. Qxf3 a6 8. Ba4
b5 9. Bb3 Nd4 10. Qf2 c6 11. d3 f6 12. Be3 Nxb3 13. axb3 exf4 14. Bxf4 Ne7 15.
O-O Ng6 16. Be3 Be7 17. Ne2 O-O 18. Nd4 Rfe8 19. Qf5 Qxf5 20. exf5 Ne5 21. Ra2
c5 22. Ne6 Rec8 23. Rfa1 g6 24. Rxa6 Rxa6 25. Rxa6 gxf5 26. d4 Kf7 27. d5 Nc6
28. c3 Ne5 29. Kf2 c4 30. bxc4 Nxc4 31. Ra2 Rb8 32. b3 Ne5 33. Bd4 Nd3+ 34. Ke3
Nc5 35. Bxc5 dxc5 36. Ra7 Re8 37. Kf3 Kg6 38. Rd7 Bf8 39. Rb7 b4 40. cxb4 cxb4
41. Nxf8+ Rxf8 42. Rxb4 Rd8 43. Rd4 Rd6 44. Kf4 Kf7 45. Kxf5 Ke7 46. Ke4 Kf7
47. Rc4 Rb6 48. b4 Rb5 49. Kd4 Ke7 50. Rc7+ Kd6 51. Rc6+ Ke7 52. Kc4 Rb7 53. b5
1-0

[Event "Mechanics' Summer TNM; G/2"]
[Site "San Francisco"]
[Date "2015.07.14"]
[Round "8.1"]
[White "Sun, James"]
[Black "Tsodikova, Natalya"]
[Result "1-0"]
[WhiteElo "2081"]
[BlackElo "2168"]
[PlyCount "113"]
[EventDate "2015.??.??"]

1. c4 e5 2. g3 Nc6 3. Bg2 Nge7 4. Nc3 g6 5. d3 Bg7 6. e4 d6 7. Nge2 O-O 8. O-O
Be6 9. Nd5 Qd7 10. Be3 Nd8 11. Qd2 c6 12. Ndc3 Bh3 13. d4 Bxg2 14. Kxg2 Qc7 15.
Rad1 Ne6 16. d5 cxd5 17. cxd5 Nc5 18. b4 Na6 19. Rc1 Qd7 20. a3 f5 21. f3 Nc7
22. Qd3 h5 23. Ng1 Rf7 24. Nh3 Bf6 25. Rc2 h4 26. Nf2 Rh7 27. g4 h3+ 28. Kh1 f4
29. Bd2 Bh4 30. Nxh3 Kg7 31. Kg2 Rah8 32. Rh1 g5 33. Ne2 Ne8 34. Nhg1 Nf6 35.
h3 Qd8 36. Qb5 Kg6 37. Qxb7 Nexd5 38. Qa6 Nb6 39. Qd3 Nc8 40. Nc3 Qb6 41. Nd1
Rd7 42. Ne2 Kg7 43. Nec3 Ne7 44. Nd5 Nexd5 45. exd5 Rc7 46. Rxc7+ Qxc7 47. Nc3
Rc8 48. Rc1 Qb6 49. Nd1 Rxc1 50. Bxc1 a5 51. Bd2 Qb7 52. bxa5 Nxd5 53. a6 Qa8
54. Bb4 Nf6 55. Qxd6 e4 56. Qf8+ Kg6 57. Qxa8 1-0

[Event "Mechanics' Leighton Allen TNM; G/2"]
[Site "San Francisco"]
[Date "2015.08.18"]
[Round "3.27"]
[White "Tan, Jackie"]
[Black "Furukawa, Jon"]
[Result "0-1"]
[WhiteElo "1112"]
[BlackElo "1603"]
[PlyCount "66"]
[EventDate "2015.??.??"]

1. d4 d5 2. c4 c6 3. Nc3 Nf6 4. Nf3 Nbd7 5. Bf4 e6 6. e3 Be7 7. Bd3 dxc4 8.
Bxc4 Nb6 9. Bd3 Nbd5 10. Be5 O-O 11. O-O Bd6 12. Ne4 Nxe4 13. Bxe4 Nf6 14. Bd3
h6 15. Bxf6 Qxf6 16. e4 e5 17. h3 exd4 18. e5 Bxe5 19. Nxe5 Qxe5 20. Re1 Qg5
21. f4 Qxf4 22. Rf1 Qg5 23. g4 Qe3+ 24. Kh1 Qxh3+ 25. Kg1 Bxg4 26. Qb3 Qg3+ 27.
Kh1 Bf3+ 28. Rxf3 Qxf3+ 29. Kg1 Qg4+ 30. Kf2 Rae8 31. Rg1 Qh4+ 32. Kg2 Re3 33.
Rf1 Qg4+ 0-1

[Event "Mechanics' Leighton Allen TNM; G/2"]
[Site "San Francisco"]
[Date "2015.09.15"]
[Round "7.37"]
[White "Tan, Jacky"]
[Black "Ayinala, Nihar"]
[Result "1-0"]
[WhiteElo "1054"]
[BlackElo "1112"]
[PlyCount "29"]
[EventDate "2015.??.??"]

1. e4 c5 2. Nf3 Nc6 3. d4 cxd4 4. Nxd4 g6 5. c4 Bg7 6. Nxc6 bxc6 7. Bd3 e6 8.
O-O Ne7 9. Qc2 O-O 10. Nc3 Ba6 11. Rd1 Rb8 12. Qa4 Qb6 13. c5 Qxc5 14. Be3 Qe5
15. Bxa6 1-0

[Event "Mechanics' Leighton Allen TNM; G/2"]
[Site "San Francisco"]
[Date "2015.09.08"]
[Round "6.35"]
[White "Tan, Jacky T"]
[Black "Eastham, Asher Dan"]
[Result "0-1"]
[WhiteElo "1112"]
[BlackElo "1462"]
[PlyCount "44"]
[EventDate "2015.??.??"]

1. e4 e5 2. f4 exf4 3. Bc4 d6 4. d4 Qh4+ 5. Kf1 Nf6 6. Nf3 Qh5 7. Nc3 Bg4 8.
Bxf4 Nc6 9. d5 Ne5 10. Bb5+ Nfd7 11. Bxe5 dxe5 12. Qd3 O-O-O 13. Bc6 Bxf3 14.
Bxb7+ Kxb7 15. Qb5+ Nb6 16. a4 Bxg2+ 17. Kg1 Bxe4 18. Nxe4 Qg4+ 19. Kf2 Qf4+
20. Kg1 Qxe4 21. Qc6+ Kb8 22. Rd1 Qc4 0-1

[Event "Mechanics' Fall TNM; G/2"]
[Site "San Francisco"]
[Date "2015.12.08"]
[Round "8.36"]
[White "Tan, Jacky T"]
[Black "Hilliard, Michael"]
[Result "0-1"]
[WhiteElo "1112"]
[BlackElo "1404"]
[PlyCount "38"]
[EventDate "2015.??.??"]

1. e4 c6 2. d4 d5 3. Nc3 dxe4 4. Nxe4 Nd7 5. Nf3 Ngf6 6. Neg5 Nb6 7. Bd3 h6 8.
Ne4 e6 9. O-O Be7 10. Re1 Qc7 11. Nxf6+ Bxf6 12. Ne5 Nd7 13. Qg4 g5 14. Qh5
Nxe5 15. dxe5 Bg7 16. f4 Qe7 17. Bd2 Bd7 18. a3 O-O-O 19. Ba5 $4 Qc5+ 0-1

[Event "Mechanics' Fall TNM; G/2"]
[Site "San Francisco"]
[Date "2015.11.10"]
[Round "4.35"]
[White "Tan, Jacky T"]
[Black "Kim, Isaiah Taeshi"]
[Result "0-1"]
[WhiteElo "1112"]
[BlackElo "1550"]
[PlyCount "58"]
[EventDate "2015.??.??"]

1. e4 c6 2. d4 d5 3. Nc3 dxe4 4. Nxe4 Bf5 5. Ng3 Bg6 6. Nf3 Nd7 7. Be2 Ngf6 8.
O-O Qc7 9. Re1 e6 10. Bf1 Bd6 11. Nh4 O-O-O 12. Nf3 Nh5 13. c3 Nxg3 14. fxg3
Bh5 15. a4 e5 16. Qb3 Bxf3 17. gxf3 h5 18. Qxf7 exd4 19. cxd4 Rdf8 20. Qxg7
Rhg8 21. Qh7 Bxg3 22. Bh3 Bxe1+ 23. Kh1 Bf2 24. Bh6 Rh8 25. Qxd7+ Qxd7 26.
Bxd7+ Kxd7 27. Bxf8 Rxf8 28. Kg2 Bxd4 29. Rd1 c5 0-1

[Event "Mechanics' Leighton Allen TNM; G/2"]
[Site "San Francisco"]
[Date "2015.09.29"]
[Round "9.28"]
[White "Tan, Jacky T"]
[Black "Koga, Micah Kamuel"]
[Result "0-1"]
[WhiteElo "1112"]
[BlackElo "1471"]
[Annotator "Donaldson"]
[PlyCount "56"]
[EventDate "2015.??.??"]

1. e4 c6 2. d4 d5 3. e5 e6 4. Nf3 h6 5. Bd3 Nd7 6. O-O c5 7. c3 Ne7 8. Re1 Nc6
9. Bc2 Qc7 10. a4 cxd4 11. Nxd4 Ncxe5 12. Bf4 a6 $2 {Diagram [#]} (12... g5)
13. Nxe6 (13. Qh5 $1 g6 14. Bxe5) 13... fxe6 14. Qh5+ Kd8 15. Bxe5 Nxe5 16.
Rxe5 Qb6 17. b4 Bd6 18. Qh4+ $4 (18. Re3 $11) 18... g5 19. Rxg5 Be7 $19 20. a5
Qa7 21. Rxd5+ exd5 22. Qh5 Bg5 23. Qf7 Re8 24. Qxd5+ Bd7 25. Na3 Rc8 26. Rd1
Rc7 27. b5 Qc5 28. b6 Qxd5 0-1

[Event "Mechanics' Fall TNM; G/2"]
[Site "San Francisco"]
[Date "2015.10.27"]
[Round "2.34"]
[White "Tan, Jacky T"]
[Black "Kuczek, Kevin W"]
[Result "1-0"]
[WhiteElo "1112"]
[BlackElo "1611"]
[PlyCount "75"]
[EventDate "2015.??.??"]

1. e4 e5 2. Nf3 Nc6 3. Bb5 Nf6 4. O-O Nxe4 5. Re1 Nd6 6. Bxc6 dxc6 7. Nxe5 Be7
8. d3 O-O 9. Nc3 Be6 10. Nf3 Bg4 11. Ne4 Re8 12. Ng3 Bf6 13. Rxe8+ Qxe8 14. Kf1
Rd8 15. h3 Be6 16. Nh5 Be7 17. Qe1 Nf5 18. g4 Nd4 19. Nxd4 Bxg4 20. hxg4 Rxd4
21. f3 Qd8 22. Qe5 f6 23. Qe6+ Kh8 24. Qf7 Bf8 25. Nf4 Rd7 26. Qh5 Kg8 27. Be3
Re7 28. Kf2 Re5 29. Qh3 Qe8 30. Bd4 Bc5 31. Bxc5 Rxc5 32. c3 Re5 33. Qf1 g5 34.
Nh5 Qg6 35. Re1 Rd5 36. Re3 f5 37. Qe2 Rd7 38. Re6 1-0

[Event "Mechanics' Fall TNM; G/2"]
[Site "San Francisco"]
[Date "2015.11.24"]
[Round "6.29"]
[White "Tan, Jacky T"]
[Black "Quang, Danny Kt"]
[Result "0-1"]
[WhiteElo "1112"]
[BlackElo "1596"]
[PlyCount "68"]
[EventDate "2015.??.??"]

1. d4 Nf6 2. c4 d6 3. Nc3 g6 4. e4 Bg7 5. Nf3 Bg4 6. h3 Bd7 7. e5 dxe5 8. dxe5
Ng8 9. Bf4 e6 10. Qd2 Ne7 11. Ne4 Qc8 12. Nf6+ Bxf6 13. exf6 Nec6 14. Bh6 Na6
15. Bg7 Rg8 16. Qh6 Ncb4 17. Qxh7 Rxg7 18. fxg7 Ke7 19. Qh4+ f6 20. Ne5 Nc2+
21. Kd1 Nxa1 22. Bd3 Qg8 23. Nxg6+ Kf7 24. Qh8 Nb4 25. Bb1 Ba4+ 26. Kc1 Nxa2+
27. Bxa2 Kxg6 28. Qh4 Qxg7 29. c5 Qh6+ 30. Qxh6+ Kxh6 31. Bxe6 Nb3+ 32. Kb1
Nxc5 33. Bf5 Re8 34. h4 Bc6 0-1

[Event "Mechanics' Leighton Allen TNM; G/2"]
[Site "San Francisco"]
[Date "2015.08.10"]
[Round "2.34"]
[White "Tan, Jacky T"]
[Black "Simpkins, Jerry"]
[Result "0-1"]
[WhiteElo "1112"]
[BlackElo "1536"]
[PlyCount "48"]
[EventDate "2015.??.??"]

1. d4 e5 2. d5 e4 3. Nc3 f5 4. h4 Nf6 5. Bf4 d6 6. e3 Be7 7. Nge2 Nbd7 8. Nd4
Ne5 9. Bb5+ Bd7 10. Ne6 Qc8 11. Bxd7+ Qxd7 12. Nxg7+ Kf7 13. Ne6 Rhg8 14. Kf1
Nfg4 15. f3 exf3 16. gxf3 Nf6 17. Bg5 Nc4 18. b3 Rxg5 19. hxg5 Nxe3+ 20. Ke2
Nxd1 21. gxf6 Nxc3+ 22. Kd2 Qb5 23. Kxc3 Bxf6+ 24. Nd4 Qc5+ 0-1

[Event "Mechanics' Spring TNM; G/2"]
[Site "San Francisco"]
[Date "2015.05.05"]
[Round "8.21"]
[White "Tokatyan, Shant"]
[Black "Cohee, James"]
[Result "1/2-1/2"]
[WhiteElo "1109"]
[BlackElo "1653"]
[Annotator "Donaldson"]
[PlyCount "64"]
[EventDate "2015.??.??"]

1. d4 d5 2. c4 c6 3. Nf3 Nf6 4. Nc3 a6 5. e3 e6 6. Qb3 Nbd7 7. Bd3 Bd6 8. cxd5
exd5 9. O-O O-O 10. Qc2 Re8 11. b3 Nf8 12. h3 Qe7 13. Re1 Ne4 14. Kf1 $2 (14.
Bb2) 14... Ng6 $2 (14... Nxc3) 15. Ne2 Nh4 16. Neg1 Qf6 17. Bxe4 dxe4 18. Nxh4
Qxh4 19. f3 Bf5 20. Qf2 Bg3 21. Qe2 Bxe1 22. Qxe1 Qxe1+ 23. Kxe1 Rad8 (23... a5
) (23... exf3 24. Nxf3 c5 25. dxc5 Rac8 26. b4 a5) 24. f4 Be6 (24... c5 25.
dxc5 Rd3) 25. Ba3 Rd5 26. Bc5 g5 27. Ne2 g4 28. h4 f5 29. g3 Rb8 30. Nc3 Rd7
31. Na4 b5 32. Nc3 h5 1/2-1/2

[Event "Mechanics' Spring TNM; G/2"]
[Site "San Francisco"]
[Date "2015.03.31"]
[Round "3.37"]
[White "Tokatyan, Shant"]
[Black "Gingrich, Joe"]
[Result "1-0"]
[WhiteElo "1109"]
[BlackElo "1235"]
[PlyCount "71"]
[EventDate "2015.??.??"]

1. d4 d5 2. c4 e6 3. Nf3 c5 4. e3 Nf6 5. Nbd2 cxd4 6. exd4 Bd7 7. Ne5 Bc6 8.
Nxc6 Nxc6 9. cxd5 Qxd5 10. Qb3 Nxd4 11. Qxd5 Nxd5 12. Bd3 Nf4 13. Be4 Rd8 14.
g3 f5 15. Nf3 Bb4+ 16. Kf1 fxe4 17. Nxd4 O-O 18. Bxf4 Rxd4 19. Be3 Rc4 20. Bxa7
Bc5 21. Bxc5 Rxc5 22. Re1 Rc2 23. Re2 Rc1+ 24. Kg2 Rc4 25. Rhe1 Kf7 26. Rxe4
Rxe4 27. Rxe4 Rd8 28. Rb4 Rb8 29. Rb6 e5 30. a4 Kf8 31. a5 Ra8 32. b4 Ra7 33.
Kf3 Ra6 34. Rxa6 bxa6 35. b5 axb5 36. a6 1-0

[Event "Mechanics' Spring TNM; G/2"]
[Site "San Francisco"]
[Date "2015.04.14"]
[Round "5.29"]
[White "Tokatyan, Shant"]
[Black "LaGrotta, Daniel"]
[Result "1/2-1/2"]
[WhiteElo "1109"]
[BlackElo "1592"]
[PlyCount "120"]
[EventDate "2015.??.??"]

1. d4 Nf6 2. c4 e5 3. dxe5 Ng4 4. e4 Nxe5 5. Nf3 Nbc6 6. Nbd2 Bc5 7. Be2 d6 8.
O-O O-O 9. b3 Kh8 10. Bb2 f5 11. Qc2 fxe4 12. Nxe4 Bf5 13. Nxe5 Nxe5 14. Bxe5
dxe5 15. Rad1 Qh4 16. Bd3 Be7 17. Ng3 Bxd3 18. Qxd3 Rad8 19. Qe4 Qxe4 20. Nxe4
g6 21. Nc3 c6 22. Rxd8 Bxd8 23. Rd1 Bb6 24. Ne4 Bd4 25. Kf1 Kg7 26. Ke2 b6 27.
Rd3 Rf4 28. f3 h6 29. g3 Rf8 30. f4 c5 31. fxe5 Re8 32. Kf3 Rxe5 33. Rd2 Re6
34. b4 Kf8 35. bxc5 bxc5 36. Re2 Ra6 37. Rc2 Ra3+ 38. Kg4 Ra6 39. Nd2 Kf7 40.
Nb3 Ke6 41. Nxd4+ cxd4 42. Kf4 d3 43. Rd2 Rc6 44. Rxd3 Rxc4+ 45. Ke3 Ra4 46.
Rd2 Ke5 47. Kf3 Ra3+ 48. Kg2 Ke4 49. Kh3 g5 50. Kg4 Ke3 51. Rc2 Ra6 52. Kh5 Kd3
53. Rf2 Kc3 54. h4 gxh4 55. Kxh4 Kb4 56. g4 Ka3 57. Kh5 Rb6 58. Rg2 a5 59. Rh2
a4 60. Rg2 Rc6 1/2-1/2

[Event "Mechanics' Leighton Allen TNM; G/2"]
[Site "San Francisco"]
[Date "2015.09.29"]
[Round "9.19"]
[White "Tokatyan, Shant"]
[Black "Lagrotta, Daniel S"]
[Result "0-1"]
[WhiteElo "1413"]
[BlackElo "1665"]
[PlyCount "100"]
[EventDate "2015.??.??"]

1. d4 Nf6 2. c4 e5 3. dxe5 Ng4 4. Nf3 Nc6 5. e3 Ngxe5 6. Nbd2 d6 7. h3 Be7 8.
Be2 O-O 9. O-O Bf5 10. Nd4 Bg6 11. N2f3 Qd7 12. b3 a5 13. a3 Bf6 14. Ra2 Rfe8
15. Rd2 Qe7 16. Bb2 Rad8 17. Nxc6 Nxc6 18. Bxf6 Qxf6 19. Bd3 Bh5 20. g4 Bg6 21.
Bxg6 Qxg6 22. Nd4 Ne7 23. Nb5 Rc8 24. Na7 Ra8 25. Nb5 Rec8 26. Qf3 Nc6 27. Rfd1
Ne5 28. Qf4 h5 29. f3 hxg4 30. hxg4 f5 31. Nxc7 Rxc7 32. Rxd6 Qe8 33. Qxf5 Rf7
34. Re6 Rxf5 35. Rxe8+ Rxe8 36. gxf5 Nxf3+ 37. Kf2 Ne5 38. e4 a4 39. bxa4 Nxc4
40. Rb1 Rxe4 41. Rxb7 Nxa3 42. Rb3 Rxa4 43. Rf3 Nb5 44. f6 g6 45. f7+ Kf8 46.
Rf6 Rg4 47. Kf3 Rg1 48. Kf4 Nc3 49. Ke5 Rg3 50. Kf4 Nd5+ 0-1

[Event "Mechanics' Leighton Allen TNM; G/2"]
[Site "San Francisco"]
[Date "2015.08.25"]
[Round "4.6"]
[White "Tokatyan, Shant"]
[Black "Porlares, Teodoro"]
[Result "0-1"]
[WhiteElo "2200"]
[BlackElo "1849"]
[PlyCount "56"]
[EventDate "2015.??.??"]

1. e4 c6 2. Nf3 d5 3. exd5 cxd5 4. d4 Bg4 5. h3 Bh5 6. Bb5+ Nd7 7. O-O a6 8.
Ba4 Ngf6 9. Bg5 b5 10. Bb3 e6 11. Re1 Be7 12. Qd3 Bg6 13. Qe3 O-O 14. Nbd2 Rc8
15. c3 h6 16. Bh4 Nb6 17. Ne5 Bh7 18. Ndf3 Nh5 19. Bxe7 Qxe7 20. Rac1 Rc7 21.
Bc2 Bxc2 22. Rxc2 b4 23. Ng4 Nf6 24. Nxh6+ gxh6 25. Qxh6 Nh7 26. Re5 Qf6 27.
Qh5 Qg6 28. Qxg6+ fxg6 0-1

[Event "Mechanics' Leighton Allen TNM; G/2"]
[Site "San Francisco"]
[Date "2015.09.08"]
[Round "6.21"]
[White "Tokatyan, Shant"]
[Black "Sherwood, Peter"]
[Result "1/2-1/2"]
[WhiteElo "1413"]
[BlackElo "1633"]
[Annotator "Donaldson"]
[PlyCount "85"]
[EventDate "2015.??.??"]

1. d4 Nf6 2. c4 g6 3. Nf3 Bg7 4. Bf4 d5 5. h3 $6 O-O 6. e3 c5 7. cxd5 Nxd5 8.
Be5 Nc6 9. Bxg7 Kxg7 10. Be2 Qa5+ 11. Nbd2 (11. Qd2 {was relatively best.})
11... cxd4 12. exd4 {Diagram #} Qb4 (12... Nf4 $1 13. O-O Bxh3 (13... Rd8 {
is also strong and simpler. Black piles up on the d-pawn.}) 14. gxh3 Qh5 15.
Re1 Nxh3+ 16. Kf1 Nf4 17. Ng1 Qg5 18. Bf3 Nxd4 {
and with three pawns for the piece and an attack Black is better.}) 13. O-O
Nxd4 14. Nxd4 Qxd4 15. Nb3 Qxd1 $6 (15... Qe5 {is better.}) 16. Rfxd1 Nf6 $6 {
Black needs to get his pieces out.} (16... Rd8 17. Bf3 Be6 18. Nc5 b6 19. Nxe6+
fxe6 20. Rd4 Rac8 $15) 17. Rac1 Bd7 18. Bf3 Rab8 19. Rc7 Rfc8 $6 (19... Be6 20.
Rxe7 Rfe8 $11) 20. Rdc1 (20. Rdxd7 Nxd7 21. Rxd7) 20... Bc6 21. Rxe7 Bxf3 22.
Rxc8 Rxc8 23. gxf3 Rb8 (23... Rc2 {is more active.}) 24. Na5 Nd5 25. Rxb7 Rxb7
26. Nxb7 Kf6 27. Nc5 Kf5 28. Kg2 Nf4+ 29. Kh2 Ke5 {
Black's active king compensates for the missing pawn.} 30. Kg3 Ne2+ 31. Kg4 h5+
32. Kh4 Kf4 33. Nd3+ Kf5 34. b4 Nd4 35. a4 Nxf3+ 36. Kg3 Nd4 37. b5 Ne2+ 38.
Kf3 Nc3 39. Nb2 Ke5 40. Ke3 Kd5 41. Kd3 Ne4 42. Ke3 Nc3 43. Kd3 1/2-1/2

[Event "Mechanics' Fall TNM; G/2"]
[Site "?"]
[Date "2015.10.27"]
[Round "2"]
[White "Tokatyan, Shant"]
[Black "Waddell, William"]
[Result "0-1"]
[WhiteElo "1413"]
[BlackElo "1856"]
[PlyCount "108"]
[EventDate "2015.10.29"]

1. e4 e6 2. d4 d5 3. e5 c5 4. Nf3 Nc6 5. c3 Qc7 6. Bd3 Bd7 7. Bg5 h6 8. Bh4 g5
9. Bg3 g4 10. Nbd2 gxf3 11. Nxf3 cxd4 12. cxd4 Bb4+ 13. Ke2 Qb6 14. Ke3 Be7 15.
Rb1 Bg5+ 16. Nxg5 hxg5 17. Qg4 Nge7 18. h4 gxh4 19. Rxh4 Rxh4 20. Bxh4 O-O-O
21. Bxe7 Nxe7 22. Rc1+ Kb8 23. b3 Nc6 24. Rc5 Nxe5 25. Qf4 f6 26. Qxf6 Nxd3 27.
Kxd3 Rc8 28. Qe5+ Ka8 29. Rxc8+ Bxc8 30. g4 Qa6+ 31. Kc3 Qc6+ 32. Kd2 b5 33. g5
b4 34. g6 Qc3+ 35. Kd1 Qa1+ 36. Ke2 Qxa2+ 37. Kf1 Qb1+ 38. Ke2 Qxg6 39. Qh8 Kb7
40. Qd8 Qc2+ 41. Kf1 Qc7 42. Qf8 a5 43. Ke2 Ka7 44. f4 Ba6+ 45. Ke3 Qc3+ 46.
Kf2 Qxd4+ 47. Kg3 Qe3+ 48. Kh4 Qf2+ 49. Kg5 Qg3+ 50. Kh6 Qh3+ 51. Kg5 Qf5+ 52.
Qxf5 exf5 53. Kxf5 a4 54. bxa4 b3 0-1

[Event "Mechanics' Fall TNM; G/2"]
[Site "San Francisco"]
[Date "2015.11.24"]
[Round "6.10"]
[White "Tracy, Joseph J"]
[Black "Babayan, Gagik"]
[Result "1-0"]
[WhiteElo "2196"]
[BlackElo "1781"]
[Annotator "Donaldson"]
[PlyCount "101"]
[EventDate "2015.??.??"]

1. d4 Nf6 2. c4 e6 3. Nf3 b6 4. g3 Bb7 5. Bg2 Bb4+ 6. Nbd2 Ne4 7. O-O Nxd2 8.
Bxd2 Bxd2 9. Qxd2 d6 10. d5 e5 11. e4 Nd7 12. Ne1 O-O 13. Nc2 a5 14. Ne3 Nf6
15. b3 Bc8 16. a3 Re8 17. b4 Ng4 18. Rfc1 Nxe3 19. Qxe3 axb4 20. axb4 Bd7 21.
Bf1 Qe7 22. h4 g6 23. c5 bxc5 24. bxc5 Rxa1 25. Rxa1 dxc5 26. Rc1 Rb8 27. Rxc5
Rb7 28. Kg2 Kg7 29. Qc3 h6 30. Kh2 g5 $2 (30... Qd6) 31. hxg5 Qd6 32. f4 f6 33.
gxf6+ Kxf6 34. Bh3 (34. fxe5+ Qxe5 35. Rc6+) 34... Be8 35. Bf5 Ra7 36. Bc8 Ra2+
37. Kg1 c6 38. fxe5+ Qxe5 39. dxc6 Qxc3 40. Rxc3 Bg6 41. Bf5 Bxf5 42. exf5 Ra8
43. c7 Rc8 44. g4 Kg5 45. Kg2 h5 46. f6 Kxf6 47. gxh5 Kg5 48. Kf3 Kxh5 49. Ke4
Kg5 50. Ke5 Kg6 51. Ke6 1-0